000 00592nam a2200229Ia 4500
003 OSt
005 20230920141023.0
008 210323s9999||||xx |||||||||||||| ||und||
040 _cSTCPL
041 _aENG
082 _a610.19
_bRAZ-T
100 _aViswambharan, Razeena
245 2 _aA text book of general psychology for health professionals /
_cby Razeena Viswambharan
260 _aKottayam :
_bMedical works ,
_c2008 .
300 _a200 p.
_bPB
650 _aBiology
650 _aCognitive processes
650 _aPersonality
942 _cBK
942 _2ddc
942 _2ddc
999 _c57602
_d57602